[Event "THA-ch 46th"]
[Site "Bangkok"]
[Date "2023.04.14"]
[Round "6"]
[White "Punyanitya, Jirath"]
[Black "Chotichanathawewong, Sanquan"]
[Result "1-0"]
[WhiteElo "1348"]
[BlackElo "1621"]
[PlyCount "139"]
[EventDate "2023.04.12"]
[EventType "swiss"]
[EventRounds "9"]
[EventCountry "THA"]
[SourceTitle "CBM 213 Extra"]
[Source "ChessBase"]
[SourceDate "2023.05.31"]
[SourceVersion "1"]
[SourceVersionDate "2023.05.31"]
[SourceQuality "1"]

1. e4 c5 2. c3 d5 3. exd5 Qxd5 4. d4 Nc6 5. Nf3 Bg4 6. Be2 cxd4 7. cxd4 e6 8. 0-0 Nf6 9. Nc3 Qd8 10. Be3 Be7 11. Rc1 0-0 12. h3 Bf5 13. Nh4 Bg6 14. Nxg6 hxg6 15. Bf3 Rc8 16. Qd2 Bb4 17. a3 Be7 18. Rfd1 Nd5 19. Nxd5 exd5 20. b4 a6 21. Qa2 Bf6 22. Qxd5 Qe7 23. Qe4 Qd8 24. Qg4 Rc7 25. Rc5 Ne7 26. Rxc7 Qxc7 27. Rc1 Qd6 28. Bxb7 Rb8 29. Bf4 Qd8 30. Bxb8 Qxb8 31. Bxa6 Qa7 32. Qe2 Bxd4 33. Rc2 Nf5 34. Qe8+ Kh7 35. Qb5 Qe7 36. Qe2 Qa7 37. b5 Bc5 38. Qc4 Bxa3 39. Ra2 Qe7 40. Qe2 Qb4 41. Rxa3 Qxa3 42. b6 Qc1+ 43. Qf1 Qf4 44. b7 Ne7 45. g3 Qc7 46. Qc4 Qd6 47. Qxf7 Nc6 48. Qc4 g5 49. Qd3+ Qxd3 50. Bxd3+ Kg8 51. Bb5 Nb8 52. Kg2 Kf7 53. Kf3 Kf6 54. Kg4 Kg6 55. f3 Kf6 56. f4 gxf4 57. Kxf4 g5+ 58. Kg4 Kg6 59. Kf3 Kf5 60. g4+ Ke5 61. Kg3 Kf6 62. h4 gxh4+ 63. Kxh4 Kg6 64. g5 Kg7 65. Kh5 Kh7 66. g6+ Kg7 67. Kg5 Kg8 68. Kf6 Kf8 69. g7+ Kg8 70. Bc4+ 1-0

[Event "THA-ch"]
[Site "Bangkok"]
[Date "2019.05.04"]
[Round "7"]
[White "Chotichanathawewong, Sanquan"]
[Black "Mekarapiruk, Chawit"]
[Result "0-1"]
[WhiteElo "1356"]
[BlackElo "1649"]
[PlyCount "54"]
[EventDate "2019.05.01"]
[EventType "swiss"]
[EventRounds "9"]
[EventCountry "THA"]
[SourceTitle "CBM 190 Extra"]
[Source "ChessBase"]
[SourceDate "2019.07.15"]
[SourceVersion "1"]
[SourceVersionDate "2019.07.15"]
[SourceQuality "1"]

1. e4 c5 2. Nf3 d6 3. d4 cxd4 4. Nxd4 Nf6 5. Nc3 Nc6 6. Be3 e5 7. Nb3 Be7 8. Be2 0-0 9. 0-0 a5 10. a4 Nb4 11. Nd5 Nbxd5 12. exd5 Bf5 13. c4 Rc8 14. Rc1 Nd7 15. Re1 b6 16. Bg4 Bxg4 17. Qxg4 f5 18. Qe2 Bg5 19. Bxg5 Qxg5 20. Rc3 f4 21. Nd2 Nc5 22. Ne4 Nxe4 23. Qxe4 Rf6 24. Rh3 Rg6 25. Kh1 Rxc4 26. Qf3 e4 27. Rxe4 Rc1+ 0-1

[Event "THA-chT"]
[Site "Bangkok"]
[Date "2015.12.05"]
[Round "3.3"]
[White "Chotichanathawewong, Sanquan"]
[Black "Buhagiar, Julian Robert"]
[Result "0-1"]
[WhiteElo "1437"]
[BlackElo "1393"]
[PlyCount "44"]
[EventDate "2015.12.04"]
[EventType "team-swiss"]
[EventRounds "9"]
[EventCountry "THA"]
[SourceTitle "CBM 170 Extra"]
[Source "ChessBase"]
[SourceDate "2016.02.25"]
[SourceVersion "1"]
[SourceVersionDate "2016.02.25"]
[SourceQuality "1"]
[WhiteTeam "KUS Warriors"]
[BlackTeam "Chonburi JCA Rising Star II"]
[WhiteTeamCountry "THA"]
[BlackTeamCountry "THA"]

1. d4 d5 2. c4 c6 3. e3 Bf5 4. Nc3 Nf6 5. Nf3 e6 6. Be2 b6 7. cxd5 exd5 8. Ne5 Bd6 9. f4 Bxe5 10. fxe5 Ne4 11. 0-0 Qg5 12. Nxe4 dxe4 13. Rf4 0-0 14. Bg4 Bxg4 15. Rxg4 Qh5 16. Rxg7+ Kxg7 17. Qxh5 f6 18. Bd2 Nd7 19. exf6+ Rxf6 20. Qg4+ Kh8 21. Qxd7 Raf8 22. Rf1 Rxf1# 0-1